000 02243nam a22002177a 4500
005 20260209142034.0
008 260127b ||||| |||| 00| 0 eng d
040 _cSSBUL
041 _aEnglish
082 _223
_bT-48 Ph.D
100 0 _aYi Yi Win.
_b4 PhD-His_15
_965760
245 _aComparative Study of King Badon and Mindon Achievements /
_cYi Yi Win.
260 _aMandalay :
_b University of Mandalay,
_cMay 2013.
300 _axxi ,153 p.
_bincludes photographs.
_c30 cm.
502 _aAmong the eleven monarchs who ruled the Konbaung Dynasty,King Badon and King Mindon were the two most prominent monarchs.There were many reasons why these two monarchs were more prominent than other Konbaung kings.Among the fundamental factors included their longer reigns and their undertakings in administrative,economic,social and religious sectors for the maintenance of sovereignty of the kingdom.King Badom who was the longest reigning monarch of the Konbaung kings,before ascending the throne,had experience in the administration and he had himself participated in the restoration of the kingdom.Therefore,when he ascended the throne,hewas well aware of the weakness and deficiencies prevailed during the reign of his predecessors and so he maade great reforms.Similarly,King Mindon had to ascend the throne at the time when nearly half of the kingdom had already been occupied by the British.He also knew well the weakness and deficiencies of his kingdom as he dealt with the British who were much superior in administration ,economy and military affairs than his kingdom.Therefore,Kinh Mindon also made great reforms in administration and economy of the kingdom.This disseration makes an attempt to evaluate who was more successful than another one in the efforts for the perpetuation of the sovereignty and development of the Kingdom.
_bPh.D.
_cUniversity of Mandalay.
_dMay 2013.
504 _aIncludes bibliography.
505 _aContents Introduction Chapters 1.Central Administration 2.Provincial Administration 3.Economy 4.Religion
_rYi Yi Win.
_tComparative Study of King Badon and Mindon Achievements.
650 _aBadon, King of Burma
_xHistory
_965761
650 _aMindon, King of Burma
_xHistory
_966132
942 _2ddc
_cREF
999 _c47307
_d47307